The ABCs of evaluation : timeless techniques for program and project managers
Αποθηκεύτηκε σε:
| Κύριος συγγραφέας: | |
|---|---|
| Άλλοι συγγραφείς: | |
| Μορφή: | Βιβλίο |
| Γλώσσα: | English |
| Δημοσίευση: |
[San Francisco] :
Jossey-Bass,
[2005]
|
| Έκδοση: | 2nd ed. |
| Θέματα: | |
| Ετικέτες: |
Προσθήκη ετικέτας
Δεν υπάρχουν, Καταχωρήστε ετικέτα πρώτοι!
|
MARC
| LEADER | 00000nam a2200000 i 4500 | ||
|---|---|---|---|
| 001 | 1/81454 | ||
| 008 | 080410s2005 eng d | ||
| 020 | |a 0-7879-7902-3 | ||
| 035 | |l 10096465 | ||
| 040 | |a GR-MY-UA |b gre |e aacr | ||
| 041 | 0 | |a eng | |
| 082 | 0 | |a 658.4032 |2 (22) | |
| 100 | 1 | |a Boulmetis, John. | |
| 245 | 1 | 4 | |a The ABCs of evaluation : |b timeless techniques for program and project managers / |c John Boulmetis, Phyllis Dutwin |
| 250 | |a 2nd ed. | ||
| 260 | |a [San Francisco] : |b Jossey-Bass, |c [2005] | ||
| 300 | |a xvi, 239 σ.; |c 23 εκ. | ||
| 504 | |a Βιβλιογραφία: σ. 231-232. Ευρετήριο | ||
| 650 | 0 | 0 | |a Management |x Evaluation. |
| 650 | 0 | 0 | |a Decision making. |
| 700 | 1 | |a Dutwin, Phyllis. | |
| 852 | |a INST |b RHODES |e 20080410 |h 658.4032 BOU |p 005400029344 |q 005400029344 |t BK |y 0 | ||
| 901 | |a BIBL4-2008-1 | ||
| 909 | |a Ρ |b 152006 | ||
| 922 | |a 4ΕΛΗ |b 200803 |c ΕΠΕΑΕΚ2/ΤΕΠΑΕΣ |d ΕΛΕΥΘΕΡΟΥΔΑΚΗΣ | ||
| 970 | |a ΧΑΡΙΟΠΟΛΙΤΟΥ |b ΚΩΝΣΤΑΝΤΙΝΑ |z 2008/04/10 | ||